000 00863nam a22002777a 4500
001 BR6002732
003 BR-BrBNA
005 20230928083135.0
007 ta
008 230509b bl.||||| |||| 00| 0 por d
040 _aBR-BrBNA
_bpor
_cBiblioteca Nacional de Agricultura
041 _a(Por)
072 _aQ10
_b9420
090 _ 9420 BR6002732
100 1 _aRocha Filho, P.
110 1 _aMinisterio da Agricultura, Rio de Janeiro, GB (Brasil). Directoria de Estatistica da Producao
245 1 _aManteiga [Tecnologia de alimento; Embalagem]
260 3 _aRio de Janeiro, GB (Brasil):
_c1935.
300 _a35 p.
500 _aReprint of "Boletim do Ministerio da Agricultura, Oct/Dec 1934 e Jan/Mar 1935
650 _aTecnologia de alimento
650 _aManteiga
650 _aEmbalagem
909 _a202309
_bLucia
_c55
_dLucia Elande
942 _cBK
999 _c11785
_d11785